|
|
|
|
| LEADER |
01622nam a22002654a 4500 |
| 001 |
AAL9444 |
| 005 |
20171108115950.0 |
| 008 |
171108s2001 nyua bc 001 0 eng |
| 999 |
|
|
|c 38560
|d 38560
|
| 010 |
|
|
|a 2001086849
|
| 040 |
|
|
|a DLC
|c DLC
|d MYG
|d BD-DhAAL
|
| 050 |
0 |
0 |
|a TR620.T456 2001
|
| 082 |
0 |
0 |
|a 812/.6
|2 21
|
| 245 |
1 |
0 |
|a No man's land :
|c Danis Tanovič; Frédérique Dumas-Žajdela; Marc Baschet; Čedomir Kolar; Branko Djurič
|
| 260 |
|
|
|a New York, N.Y. :
|b Thames & Hudson ;
|a Ottawa : National Gallery of Canada,
|c 2001.
|
| 300 |
|
|
|a 1 video file (97 min.)) :
|b sound, color ;
|c 4 3/4 in.
|
| 520 |
|
|
|a Set during the height of the Bosnian War in 1993, a group of Bosnian soldiers are advancing on Serb territory under the cover of a foggy night. At daybreak, the fog lifts, and the Serbs open fire. Soon there is only one Bosnian survivor because he was able to dive into a trench in no man's land. He then watches as two Serbian soldiers use the body of a fallen Bosnian to bait a land mine. He fires on them, killing one, and taking the second hostage. Now both are alone and equally armed, so they are forced to share a wary trust as they try to attract help from either side.
|
| 650 |
|
|
|a Yugoslav War, 1991-1995
|v Drama.
|9 23700
|
| 700 |
|
|
|a Tanovič, Danis
|9 23701
|
| 700 |
|
|
|a Dumas-Žajdela, Frédérique
|9 23702
|
| 700 |
|
|
|a Baschet, Marc
|9 23703
|
| 700 |
|
|
|a Kolar, Čedomir
|9 23704
|
| 700 |
|
|
|a Djurič, Branko
|9 23705
|
| 942 |
|
|
|2 ddc
|c AV
|
| 952 |
|
|
|0 0
|1 0
|2 ddc
|4 0
|6 812_000000000000000__6_NOM
|7 0
|9 61838
|a SCL
|b SCL
|c AV
|d 2017-11-08
|g 70.00
|l 0
|o 812.6 NOM
|p 4020009444
|r 2017-11-08
|t 1
|w 2017-11-08
|y AV
|